000 00953nam a2200277 u 4500
001 000003005
003 DO-SdBNP
005 20221125092702.0
008 090706s1978 dr a 000 0 spa d
040 _aDO-SdBNP
_bspa
_cBPMSU
082 _a338.9
_bA367t 1978
_222
100 1 _aAlemán, José Luis
245 1 0 _aTeoría económica del desarrollo y del subdesarrollo /
_cJosé Luís Aleman ; prólogo Bernardo Vega.
260 _aSantiago de los Caballeros, República Dominicana :
_bUCMM,
_c1978.
300 _a271 p. :
_bil. ;
_c21 cm.
490 0 _aEstudios,
_v39
500 _aIncluye índice
504 _aBibliografía : p. 251-257
590 _aInventariado, 2022/VM
650 4 _a Desarrollo económico.
650 4 _aPaíses en desarrollo
_xPolítica económica.
700 1 _aVega, Bernardo,
_d1938 -
_epról.
710 2 _aUniversidad Católica Madre y Maestra (República Dominicana)
910 _aVMateo V./Validado
942 _2ddc
_cBK
999 _c14350
_d14350